00364nam a22001337a 4500008004100000020001500041050002400056100002200080245005800102250001200160260002500172300001400197700001900211220307b |||||||| |||| 00| 0 eng d a9332556966 aHD9000.5b.K64 2015 aKohls, Richard L. aMarketing of Agricultural Products cRichard L. Kohls a9th ed. aIndiabPearsonc2015 axv, 544p. aUhl, Joseph N.